MDQL
is popping MORE tags! Check the
thread
!
Quizzes
Events
Quiz Creation
Community
Videos
Private Events
Remove Ads
Sign In
Join for FREE
Feedback
Dark Mode
Quiz Categories
Sports
Geography
Music
Movies
Television
Just For Fun
Miscellaneous
History
Literature
Language
Science
Gaming
Entertainment
Religion
Holiday
For Kids
Quiz Lab
Recent
Popular Today
Quiz Kudos Today
Editor Picks
Curator Picks
Quizzes by...
Day
Popularity
Type
Ratings
Length
Year
Community
Subscriptions
Recent Discussions
Orange Saloon
Badges
Playlists
Quests
Create
Leaderboards
Showdown
Live 5
Trivia Bingo
Activity
Puzzle Library
Sporcle Events
Private Events
Virtual Trivia
Globe League
Become a Host
Pub Owners
SporcleCon
Opinionation
Our Games
Videos
Blog
Mobile Apps
Partnerships
Remove Ads and Go Orange
Feedback
Entertainment
Celebrity
Famous
Musical
Broadway
Show
Quote
Comic Books
Anime
Superhero
DC Comics
Marvel
Cartoons
Animation
Entertainment
Celebrity
Famous
Musical
Broadway
Show
Quote
Comic Books
Anime
Superhero
DC Comics
Marvel
Cartoons
Animation
Random Quiz
Search Sporcle
×
Quiz Lab
Quiz Lab
Entertainment
article
Type in answers that appear in a list
Type in answers that appear in a list
Classic
Best Score? Go Orange.
People's Wikipedia Pages Stats
Can you name the People's Wikipedia Pages?
By
ab21
10m
20 Questions
192 Plays
192 Plays
192 Plays
Comments
Comments
Give Quiz Kudos
Give Quiz Kudos
-
- Ratings
hide this ad
More Info
Replay
Link that replays current quiz
Next Quiz
Link to next quiz in quiz playlist
You Got
0%
They Got
Avg Score
52%
Avg Friend Score
Upgrade to see
Score Distribution
Jump to the score distribution portion of the page
Score
0/20
Timer
10:00
0
Plays Today
Line(s) From Wikipedia Article
Person
% Correct
...is an American politician who served as Governor of Alaska from 2006 until her resignation in 2009.
Sarah Palin
96.9%
...is an American businessman, and the co-
founder and chief executive officer of Apple Inc.
Steve Jobs
83.9%
was a theoretical physicist. His many contributions to physics include the special and general theories of relativity, the founding of relativistic cosmology, the first post-
Newton
Albert Einstein
82.3%
... is a trivia quiz website launched in July 2007[2], on which users have a set time limit within which to name all of the items within a given subject, such as Presidents of the
Sporcle
80.7%
... is the Supreme Leader of the Democratic People's Republic of Korea(also known as North Korea).
Kim Jong-il
72.4%
....is an American professional baseball player. He is a Major League Baseball (MLB) shortstop who has played his entire career for the New York Yankees. He has served as the Yanke
Derek Jeter
68.8%
....was the 35th President of the United States
John F. Kennedy
68.8%
...is an American professional basketball player, rapper, actor, reserve police officer and a U.S. Deputy Marshal
Shaquille O'Neal
65.1%
...is a retired American NBA basketball player. Drafted into the NBA sixth overall by the Boston Celtics in 1978, .... started at small forward and power forward for thirteen seaso
Larry Bird
61.5%
...is an American professional basketball player for the Cleveland Cavaliers of the National Basketball Association (NBA). Nicknamed '........', he was a three-
time 'Mr. Basketball
Lebron James
60.4%
Line(s) From Wikipedia Article
Person
% Correct
is an American actress, comedian , singer-
songwriter, activist, and media personality. ..... made her film debut in The Color Purple (1985) playing Celie, a mistreated black woman
Whoopi Goldberg
50%
....is an American actor. After starring in several 1980s sitcoms, ..... played the role of Michael Bluth on the television sitcom Arrested Development.
Jason Bateman
43.8%
...is an American professional golfer who plays on the LPGA Tour. In 2006, she was named in a Time magazine article: 'one of 100 people who shape our world.' At age 10, she became
Michelle Wie
40.6%
....is an English singer-
songwriter, poet, composer, multi-
instrumentalist, entrepreneur, record and film producer, painter, and animal rights and peace activist. Formerly of The B
Paul McCartney
37%
...is an American country singer and actor. Many of ........albums and singles have topped the country music charts, leading him to achieve total album sales in excess of 40 millio
Tim McGraw
30.7%
...was a Bolshevik revolutionary and Marxist theorist. He was one of the leaders of the Russian October Revolution, second only to Vladimir Lenin.
Leon Trotsky
29.7%
...is an American actress and film producer. In 1998 she appeared in three major movies: Overnight Delivery, Pleasantville, and Twilight. The following year, ...... appeared in the
Reese Witherspoon
29.2%
...is an American comedian, actor, photographer, and game show host. After serving in the U.S. Marines and making a name for himself in stand-
up comedy, .... eventually gained popu
Drew Carey
25.5%
....was a Canadian comedian and actor. He rose to fame as a member of the Toronto, Ontario branch of The Second City. One of his most renowned on-
screen performances was that of De
John Candy
21.4%
6.3%
Quiz Playlist
Details
Report
Send in Message
Add To Playlist
More Info:
The clue is/are the opening line(s)from the answer's Wikipedia page.
Classic:
Type in answers that appear in a list
Last Updated: Feb 16, 2017
Quiz Scoreboard
CHALLENGE
Sign Up to Join the Scoreboard
Show All
Scores
Hide
Comments
May contain spoilers
Recently Published
5x2 Blitz: Bands
by SL_Kpop136
Music
30s
Colored Red Africa Blitz
by spor1
Geography
30s
Find the 'City' Movie
by crazypaving
Movies
60s
More to Explore
Quiz From the Vault
Featured Blog Post
14 Easter Pick-up Lines to Find Eggs With
hide this ad
You Might Also Like...
Tags
article
page
People Wikipedia
Person
Wikipedia
Today's Top Quizzes in Entertainment
Browse Entertainment
hide this ad
Today's Top Quizzes in article
Browse article
Top Contributed Quizzes in Entertainment
1
Dragon Ball Z: Goku's Fights in Order
2
Marvel Characters Bunker
3
Marvel Classic Character Map
4
Celebrity Spelling Bee
5
This is Your Life: Edward Elric
6
This is Your Life: Itachi Uchiha
7
Dragon Ball Z: Immortal Characters
8
X-Men: 10 to 1
9
Fairy Tail 12-1
10
Finish The Line - Starship (Starkid)
Explore More
Trending Topics
Disney
Crossword
Kpop
Harry Potter
Anime
NBA
Marvel
WWE
Soccer
Puzzle
Pokémon
Song
NFL
The Office
Country
hide this ad
More By:
ab21
Quiz
Plays
Rating
Category
Featured
Created
Toronto Raptors Players
726
4.00
Sports
Dec 15, 2009
People's Wikipedia Pages
192
3.14
Entertainment
Dec 26, 2009
Go to Creator's Profile
Score Distribution
Quiz Creator Spotlight
ab21
Follow
Send a Message
Quizzes Created
-
Created Quiz Play Count
-
More By This Creator
Popular Quizzes Today
1
Find the 'City' Movie
2
Colored Red Africa Blitz
3
Find the US States - No Outlines Minefield
4
5x2 Blitz: Bands
5
The Countries of the World
6
Find the US States
7
US States
8
9x9 Crossword: Cartoon Network
More Entertainment Quizzes
Missing Letter: Cartoons
Quiz Lab
Trending Quizzes
Colored Red Europe Blitz I
Colored Red Africa Blitz II
Colored Red Europe Blitz II
Colored Red Africa Blitz III
Colored Red Europe Blitz III
Recently Updated
Famous TV Couples
Peacemaker
Champions League XIs: Real Madrid
pecheneg
Largest US Cities 1790-2010
pecheneg
Rides in Walt Disney World
pecheneg
Most Oscar Losses (Acting)
pecheneg
Beyoncé Albums
pecheneg
Leaping Animals
pecheneg
Reality TV Shows (A-Z)
bhenderson79
Rickey Henderson's Hall of Fame Teammates
pecheneg
Champions League XIs: Arsenal
pecheneg
Trending Topics
Crossword
Anime
NBA
Marvel
Harry Potter
Kpop
Disney
NFL
The Office
Soccer
Pokémon
Puzzle
Country
Song
WWE
Your Account Isn't Verified!
In order to create a playlist on Sporcle, you need to verify the email address you used during registration. Go to your
Sporcle Settings
to finish the process.
Report this User
Report this user for behavior that violates our
Community Guidelines
.
Details:
Send Report
Go to the Sporcle.com Mobile Site →
Comments